[Event "LLHH 2122 SK Weisse Dame - Hamburger SK"]
[Site "?"]
[Date "2022.05.15"]
[Round "4.3"]
[White "Czeremin, Claus"]
[Black "Lansky, Georg"]
[Result "0-1"]
[WhiteElo "2020"]
[BlackElo "2010"]
[PlyCount "80"]
[EventDate "2022.??.??"]

1. e4 e6 2. d4 d5 3. e5 c5 4. c3 Nc6 5. Nf3 Qb6 6. a3 c4 7. g3 Na5 8. Nbd2 Bd7
9. h4 Ne7 10. Bh3 h6 11. O-O Qc7 12. h5 Nc8 13. Nh4 Nb6 14. f4 Be7 15. f5 Bxh4
16. fxe6 Bxe6 17. Bxe6 fxe6 18. gxh4 O-O-O 19. Qg4 Qe7 20. b4 cxb3 21. Rb1 Rdf8
22. Nxb3 Rxf1+ 23. Kxf1 Nxb3 24. Rxb3 Rf8+ 25. Kg2 Qf7 26. Qe2 Nc4 27. a4 Qe8
28. Rb4 Rf5 29. Qg4 Qxh5 30. Qxh5 Rxh5 31. Kg3 Rf5 32. Kg2 b6 33. Rb3 Kd7 34.
a5 Nxa5 35. Ra3 Kc6 36. Ra4 Kb7 37. Ba3 Nc4 38. Be7 a5 39. Ra1 Kc6 40. Kh1 Rf7
0-1

[Event "LLHH 2122 SK Weisse Dame - Hamburger SK"]
[Site "?"]
[Date "2022.05.15"]
[Round "4.7"]
[White "Nugel, Karl-Heinz"]
[Black "Purniel Umpierre, Christian"]
[Result "0-1"]
[WhiteElo "2002"]
[BlackElo "2001"]
[PlyCount "82"]
[EventDate "2022.??.??"]

1. c4 f5 2. Nf3 Nf6 3. g3 g6 4. Bg2 Bg7 5. d4 c6 6. d5 cxd5 7. cxd5 Qa5+ 8. Bd2
Qxd5 9. Nc3 Qa5 10. O-O Nc6 11. Qb3 Qb4 12. Qxb4 Nxb4 13. Ne5 Nc6 14. Nc4 O-O
15. Bf4 d6 16. Rad1 Be6 17. Ne3 Rac8 18. Bg5 h6 19. Bxf6 Bxf6 20. Ned5 Bg7 21.
e3 Bf7 22. Rc1 e6 23. Nf4 d5 24. Nfe2 Rfd8 25. Rfd1 a6 26. a3 Na5 27. Rc2 b5
28. f4 Nc4 29. Kf2 g5 30. Bf3 g4 31. Bg2 Bf6 32. Nd4 Bxd4 33. exd4 Nxb2 34. Rb1
Na4 35. Rbc1 Nb6 36. Rb1 Nc4 37. Rb3 Be8 38. Bf1 Nd6 39. Bd3 Rc7 40. Ke3 Rdc8
41. Kd2 Kf8 0-1

[Event "LLHH 2122 SK Weisse Dame - Hamburger SK"]
[Site "?"]
[Date "2022.05.15"]
[Round "4.5"]
[White "Gerigk, Wolf"]
[Black "Schiele, Lars"]
[Result "0-1"]
[WhiteElo "1997"]
[BlackElo "2066"]
[PlyCount "88"]
[EventDate "2022.??.??"]

1. d4 Nf6 2. Nf3 e6 3. c4 Bb4+ 4. Bd2 Qe7 5. Qb3 Bxd2+ 6. Nbxd2 Nc6 7. g3 O-O
8. Bg2 d6 9. O-O a5 10. Rfe1 Bd7 11. e4 e5 12. d5 Nb4 13. Qc3 c5 14. Nh4 g6 15.
Bf3 a4 16. Ng2 Ne8 17. Bd1 Ng7 18. a3 Na6 19. f4 f6 20. Ne3 b5 21. cxb5 Bxb5
22. Nec4 Nc7 23. b4 exf4 24. bxc5 Nxd5 25. Qd4 Ne3 26. cxd6 Qe6 27. Nxe3 fxe3
28. Rxe3 Rfd8 29. e5 Nf5 30. Qg4 Rxd6 31. Qe4 Bc6 32. exd6 Bxe4 33. Rxe4 Qxd6
34. Nc4 Qd3 35. Rf4 g5 36. Nb2 Qe3+ 37. Rf2 Rd8 38. Be2 Nd4 39. Bc4+ Kg7 40.
Raf1 Nf3+ 41. Kh1 Nd2 42. Re2 Nxf1 43. Rxe3 Nxe3 44. Bd3 Nd1 0-1

[Event "LLHH 2122 SK Marmstorf - TV Fischbek"]
[Site "?"]
[Date "2022.06.19"]
[Round "5.1"]
[White "Serrer, Christoph"]
[Black "Hebbinghaus, Holger"]
[Result "1/2-1/2"]
[WhiteElo "2266"]
[BlackElo "2280"]
[PlyCount "21"]
[EventDate "2022.??.??"]

1. d4 d5 2. Nf3 Nf6 3. c4 e6 4. e3 a6 5. b3 b6 6. Bd3 Bb7 7. O-O Nbd7 8. Qe2
Bd6 9. cxd5 exd5 10. Ba3 O-O 11. Rc1 1/2-1/2

[Event "LLHH 2122 SK Marmstorf - TV Fischbek"]
[Site "?"]
[Date "2022.06.19"]
[Round "5.2"]
[White "Hawellek, Jeronimo"]
[Black "de Voogt, Juergen"]
[Result "1-0"]
[WhiteElo "2241"]
[BlackElo "2252"]
[PlyCount "57"]
[EventDate "2022.??.??"]

1. d4 g6 2. e4 Bg7 3. Nc3 c6 4. Nf3 d5 5. h3 dxe4 6. Nxe4 Nd7 7. Bc4 Ngf6 8.
Qe2 O-O 9. O-O Nxe4 10. Qxe4 Nf6 11. Qh4 Bf5 12. Bb3 b5 13. Re1 a5 14. a4 Ra7
15. Ne5 Qb6 16. d5 Nxd5 17. Bxd5 Bxe5 18. Rxe5 cxd5 19. Be3 Qc7 20. Rxd5 Rb7
21. Bh6 Qc6 22. Qd4 f6 23. Bxf8 Kxf8 24. Rc5 Qb6 25. axb5 Bd7 26. c4 Rc7 27.
Rd5 Qxd4 28. Rxd4 e5 29. Rd2 1-0

[Event "LLHH 2122 SK Marmstorf - TV Fischbek"]
[Site "?"]
[Date "2022.06.19"]
[Round "5.3"]
[White "Kneip, Jakob"]
[Black "Mueller, Jan-Hendrik"]
[Result "1-0"]
[WhiteElo "2112"]
[BlackElo "2137"]
[PlyCount "51"]
[EventDate "2022.??.??"]

1. e4 c5 2. Nc3 d6 3. d4 cxd4 4. Qxd4 Nc6 5. Qd2 g6 6. b3 Bh6 7. f4 e5 8. Nge2
Nf6 9. Bb2 O-O 10. O-O-O Ng4 11. Rg1 exf4 12. Nxf4 Qb6 13. Ncd5 Qxg1 14. Bb5
Qxh2 15. Bxc6 f6 16. Bb5 Be6 17. Kb1 Kh8 18. Rf1 Bxd5 19. exd5 Ne5 20. Qb4 Bxf4
21. Rxf4 Qxg2 22. Qxd6 Rac8 23. Bc4 Qg5 24. Rxf6 Rfe8 25. Rf8+ Rxf8 26. Bxe5+
1-0

[Event "LLHH 2122 SK Marmstorf - TV Fischbek"]
[Site "?"]
[Date "2022.06.19"]
[Round "5.4"]
[White "Diekmann, Jens"]
[Black "Brandt, Carina"]
[Result "1-0"]
[WhiteElo "2069"]
[BlackElo "2045"]
[PlyCount "75"]
[EventDate "2022.??.??"]

1. c4 e5 2. Nc3 Nf6 3. g3 c6 4. Nf3 e4 5. Nd4 d5 6. cxd5 cxd5 7. Bg2 Nc6 8. Nc2
Bc5 9. O-O O-O 10. d3 Bf5 11. dxe4 dxe4 12. Bg5 Re8 13. Qxd8 Raxd8 14. Bxf6
gxf6 15. Rad1 Nd4 16. Ne3 Bg6 17. Ned5 Kg7 18. b4 Bb6 19. a4 e3 20. Nxe3 a5 21.
b5 Rd7 22. Ned5 Bc5 23. e3 Nc2 24. Nxf6 Kxf6 25. Rxd7 b6 26. Nd5+ Ke6 27. Rb7
Rd8 28. Nxb6 Bb4 29. Bf3 Ne1 30. Bg4+ Kf6 31. Rd7 Rxd7 32. Nxd7+ Kg5 33. Be2
Bf5 34. Ne5 Kf6 35. b6 Kxe5 36. Rxe1 Be4 37. Rc1 Bd6 38. Ba6 1-0

[Event "LLHH 2122 SK Marmstorf - TV Fischbek"]
[Site "?"]
[Date "2022.06.19"]
[Round "5.5"]
[White "Schneider, Alexander"]
[Black "Koenig, Friedrich Theodor"]
[Result "1-0"]
[WhiteElo "2090"]
[BlackElo "1905"]
[PlyCount "75"]
[EventDate "2022.??.??"]

1. e4 c6 2. d4 d5 3. Nc3 dxe4 4. Nxe4 Nf6 5. Nxf6+ exf6 6. c3 Bd6 7. Bd3 O-O 8.
Qc2 Re8+ 9. Ne2 h5 10. Be3 Nd7 11. O-O-O Nf8 12. Kb1 Ne6 13. d5 Nc5 14. Bh7+
Kh8 15. dxc6 Qc7 16. Rd5 Re5 17. Rhd1 g6 18. Rxe5 Bxe5 19. Bxg6 fxg6 20. Qxg6
Ne6 21. f4 Ng7 22. Qh6+ Kg8 23. fxe5 Bf5+ 24. Ka1 fxe5 25. Ng3 Bg4 26. cxb7
Qxb7 27. Rd2 Rf8 28. b3 Qe7 29. Kb2 a5 30. Ne4 Ne6 31. Rd5 Nf4 32. Bc5 Qf7 33.
Bxf8 Nxd5 34. Bd6 Qf5 35. Qg5+ Qxg5 36. Nxg5 Nf4 37. g3 Ng6 38. Bc7 1-0

[Event "LLHH 2122 SK Marmstorf - TV Fischbek"]
[Site "?"]
[Date "2022.06.19"]
[Round "5.7"]
[White "Peters, Thomas"]
[Black "Herlan, Klaus-Juergen"]
[Result "1-0"]
[WhiteElo "1836"]
[BlackElo "2024"]
[PlyCount "71"]
[EventDate "2022.??.??"]

1. Nc3 d5 2. e4 d4 3. Nce2 e5 4. Ng3 Nc6 5. Bc4 Nf6 6. Nf3 Bd6 7. O-O O-O 8. d3
Be6 9. Bxe6 fxe6 10. c3 Qe8 11. Qb3 Na5 12. Qc2 c5 13. b4 cxb4 14. cxd4 Nc6 15.
dxe5 Nxe5 16. d4 Nxf3+ 17. gxf3 Rc8 18. Qe2 Nh5 19. e5 Be7 20. Qe4 b6 21. Qg4
Nxg3 22. Qxe6+ Kh8 23. fxg3 Rc6 24. Qd5 Qc8 25. Be3 Rd8 26. Qe4 Rc3 27. Rac1
Qa6 28. d5 Rxe3 29. Qxe3 Bc5 30. Rxc5 bxc5 31. Qxc5 Qxa2 32. d6 Qe6 33. f4 b3
34. f5 Qe8 35. e6 b2 36. d7 1-0

[Event "LLHH 2122 SK Marmstorf - TV Fischbek"]
[Site "?"]
[Date "2022.06.19"]
[Round "5.8"]
[White "Undritz, Bjoern"]
[Black "Rolf, Marco"]
[Result "1/2-1/2"]
[WhiteElo "1885"]
[BlackElo "2070"]
[PlyCount "111"]
[EventDate "2022.??.??"]

1. e4 e6 2. d4 d5 3. Nc3 Nf6 4. Bg5 dxe4 5. Nxe4 Be7 6. Nxf6+ Bxf6 7. Bxf6 Qxf6
8. Nf3 c5 9. Bb5+ Bd7 10. Bxd7+ Nxd7 11. O-O O-O 12. Re1 Rfd8 13. c3 cxd4 14.
Qxd4 Qxd4 15. Nxd4 e5 16. Nb5 a6 17. Nd6 f6 18. Rad1 Nc5 19. f3 Rd7 20. Ne4 Nd3
21. Re2 Rad8 22. Red2 Kf7 23. Nf2 Nc5 24. Rxd7+ Rxd7 25. Rxd7+ Nxd7 26. Ne4 Ke6
27. Kf2 f5 28. Nd2 Nc5 29. b3 g5 30. Ke2 Kd5 31. Nc4 b5 32. Ne3+ Ke6 33. c4 e4
34. cxb5 axb5 35. fxe4 Nxe4 36. Kd3 Ke5 37. Nd1 f4 38. a3 g4 39. b4 h5 40. Nb2
h4 41. Nd1 g3 42. hxg3 fxg3 43. Ne3 Nd6 44. Ke2 Nc4 45. Kf3 Nxe3 46. Kxe3 Kd5
47. Kf3 Kc4 48. Kg4 Kb3 49. Kxh4 Kxa3 50. Kxg3 Kxb4 51. Kf4 Kc3 52. g4 b4 53.
g5 b3 54. g6 b2 55. g7 b1=Q 56. g8=Q 1/2-1/2

[Event "LLHH 2122 SC Königsspringer II - FC St"]
[Site "?"]
[Date "2022.06.19"]
[Round "5.1"]
[White "Kahlert, Thomas"]
[Black "Conrad, Christian"]
[Result "1-0"]
[WhiteElo "2152"]
[BlackElo "2076"]
[PlyCount "51"]
[EventDate "2022.??.??"]

1. d4 Nf6 2. Nf3 g6 3. g3 Bg7 4. Bg2 O-O 5. O-O c5 6. c4 cxd4 7. Nxd4 Nc6 8.
Nc3 Nxd4 9. Qxd4 d6 10. Qd3 Be6 11. Bxb7 Rb8 12. Bg2 Qa5 13. b3 Rxb3 14. axb3
Qxa1 15. Nb5 a6 16. Nd4 Bd7 17. Bd2 Qa3 18. Bc3 Qc5 19. Ra1 Qb6 20. h3 e5 21.
Nc2 Qxb3 22. Ne3 d5 23. Bxe5 dxc4 24. Qd4 c3 25. Bxf6 Bxf6 26. Qxf6 1-0

[Event "LLHH 2122 SC Königsspringer II - FC St"]
[Site "?"]
[Date "2022.06.19"]
[Round "5.2"]
[White "Lohse, Marc"]
[Black "Thomaschke, Dirk"]
[Result "0-1"]
[WhiteElo "1908"]
[BlackElo "2179"]
[PlyCount "86"]
[EventDate "2022.??.??"]

1. e4 e5 2. Nf3 Nc6 3. Bc4 Nf6 4. Ng5 d5 5. exd5 Na5 6. Bb5+ c6 7. dxc6 bxc6 8.
Bd3 Nd5 9. Nf3 Bd6 10. O-O Nf4 11. Re1 Nxd3 12. cxd3 O-O 13. Nxe5 c5 14. Nc3
Bb7 15. Nf3 f5 16. Nb5 Bb8 17. d4 a6 18. Na3 Qc7 19. Ne5 cxd4 20. d3 Qb6 21.
Qa4 Bxe5 22. Rxe5 Qg6 23. g3 Qh5 24. Bf4 Qf3 25. Kf1 Qh1+ 26. Ke2 Bf3+ 27. Kd2
Qxa1 28. Rxa5 Qxb2+ 29. Nc2 Qc3+ 30. Kc1 Qxd3 31. Qxd4 Qf1+ 32. Kb2 Rac8 33.
Rc5 Be4 34. Ne3 Qb1+ 35. Ka3 Rxc5 36. Qxc5 Qd3+ 37. Ka4 Qd7+ 38. Ka3 Rc8 39.
Qe5 a5 40. g4 Qd3+ 41. Ka4 Bc6+ 42. Kxa5 Qa3+ 43. Kb6 Qb4+ 0-1

[Event "LLHH 2122 SC Königsspringer II - FC St"]
[Site "?"]
[Date "2022.06.19"]
[Round "5.3"]
[White "Grote, Dirk"]
[Black "Schroeter, Baldur"]
[Result "1-0"]
[WhiteElo "2054"]
[BlackElo "2020"]
[PlyCount "57"]
[EventDate "2022.??.??"]

1. d4 Nf6 2. Nf3 e6 3. c4 Nc6 4. g3 Bb4+ 5. Bd2 O-O 6. Bg2 d6 7. O-O Bxd2 8.
Qxd2 e5 9. Nc3 h6 10. dxe5 dxe5 11. Rfd1 Be6 12. Qe3 Nd7 13. Nd5 Rc8 14. Qc3 f5
15. b4 e4 16. Nf4 Bf7 17. b5 Ncb8 18. Nd4 Qf6 19. Nd5 Qe5 20. Nxf5 Qxc3 21.
Nxc3 Rce8 22. Ne3 Nc5 23. Rd4 Bg6 24. Rad1 Re7 25. Ned5 Ref7 26. Nf4 Bf5 27.
Nxe4 Nbd7 28. Nxc5 Nxc5 29. Bd5 1-0

[Event "LLHH 2122 SC Königsspringer II - FC St"]
[Site "?"]
[Date "2022.06.19"]
[Round "5.4"]
[White "Goetz, Claus"]
[Black "Goepfert, Jakob"]
[Result "1/2-1/2"]
[WhiteElo "1910"]
[BlackElo "2111"]
[PlyCount "33"]
[EventDate "2022.??.??"]

1. e4 c6 2. d4 d5 3. Nc3 dxe4 4. Nxe4 Nd7 5. Nf3 Ngf6 6. Ng3 e6 7. Bd3 Qc7 8.
O-O Bd6 9. Qe2 O-O 10. Bg5 c5 11. Ne4 c4 12. Nxf6+ gxf6 13. Bxh7+ Kxh7 14. Qe4+
Kg7 15. Bh6+ Kxh6 16. Qh4+ Kg7 17. Qg4+ {(=)} 1/2-1/2

[Event "LLHH 2122 SC Königsspringer II - FC St"]
[Site "?"]
[Date "2022.06.19"]
[Round "5.5"]
[White "Thieme, Daniel Otis"]
[Black "Khalaf, Ayman"]
[Result "1-0"]
[WhiteElo "2021"]
[BlackElo "1795"]
[PlyCount "57"]
[EventDate "2022.??.??"]

1. c4 Nf6 2. Nc3 c6 3. e4 e5 4. Nf3 d6 5. d4 Qc7 6. Be2 Be7 7. O-O O-O 8. h3 h6
9. Be3 Nbd7 10. Qd2 Re8 11. d5 c5 12. Nh2 Nf8 13. a3 a5 14. Rab1 a4 15. Ng4
N8h7 16. Nxf6+ Bxf6 17. b4 b6 18. Bd1 Bd7 19. bxc5 bxc5 20. Nb5 Bxb5 21. Rxb5
Bg5 22. Bc2 Bxe3 23. Qxe3 Nf6 24. Rfb1 Reb8 25. Bxa4 Rxb5 26. Bxb5 Nd7 27. Bc6
Rb8 28. Rb5 Rb6 29. Bxd7 1-0

[Event "LLHH 2122 SC Königsspringer II - FC St"]
[Site "?"]
[Date "2022.06.19"]
[Round "5.6"]
[White "Samm, Bastian"]
[Black "David, Torsten"]
[Result "0-1"]
[WhiteElo "1755"]
[BlackElo "2059"]
[PlyCount "70"]
[EventDate "2022.??.??"]

1. e4 c5 2. a3 Nf6 3. Nc3 d5 4. exd5 Nxd5 5. Bc4 e6 6. Nf3 Be7 7. O-O Nc6 8. d3
O-O 9. Ne4 e5 10. h3 Bf5 11. Ng3 Be6 12. Re1 f6 13. Bd2 Qd7 14. Qe2 Rad8 15.
Rad1 g6 16. Ne4 Kg7 17. Bxd5 Bxd5 18. Bc3 Nd4 19. Bxd4 cxd4 20. Rc1 Rfe8 21.
Qd2 Rc8 22. Re2 Rc7 23. Nh2 f5 24. Ng5 Bf6 25. Rce1 Qb5 26. Rb1 Ba2 27. Rbe1
Qxb2 28. Qa5 Rxc2 29. Qc7+ Rxc7 30. Rxb2 Bd5 31. Ngf3 e4 32. dxe4 fxe4 33. Rb4
exf3 34. Rxe8 Rc1+ 35. Nf1 fxg2 0-1

[Event "LLHH 2122 SC Königsspringer II - FC St"]
[Site "?"]
[Date "2022.06.19"]
[Round "5.7"]
[White "Knecht, Guntram"]
[Black "Melde, Christian"]
[Result "1-0"]
[WhiteElo "2013"]
[BlackElo "1980"]
[PlyCount "77"]
[EventDate "2022.??.??"]

1. e4 c5 2. Nf3 e6 3. d3 g6 4. d4 Bg7 5. dxc5 Qa5+ 6. Bd2 Qxc5 7. Bc3 Nf6 8.
Nbd2 Ng4 9. Qe2 Bxc3 10. bxc3 Qxc3 11. Rd1 Nc6 12. Qc4 Qa5 13. Be2 Nge5 14.
Nxe5 Nxe5 15. Qb3 Nc6 16. c3 O-O 17. O-O d5 18. Bf3 d4 19. cxd4 Nxd4 20. Qb2 e5
21. Nc4 Qb5 22. Qxb5 Nxb5 23. Nxe5 Be6 24. Nd7 Rfd8 25. Nf6+ Kg7 26. Nd5 Rac8
27. a4 Bxd5 28. exd5 Nc3 29. Rd4 Rd6 30. Re1 Kf6 31. Kf1 Rc5 32. Rf4+ Kg7 33.
Re7 Nxd5 34. Rfxf7+ Kh6 35. Rxh7+ Kg5 36. h4+ Kf4 37. Re4+ Kf5 38. Rf7+ Nf6 39.
g4# 1-0

[Event "LLHH 2122 Hamburger SK IV - SV Diagonal"]
[Site "?"]
[Date "2022.06.19"]
[Round "5.1"]
[White "Fries-Nielsen, Jens Ove"]
[Black "Weihrauch, Jakob"]
[Result "1-0"]
[WhiteElo "2355"]
[BlackElo "2151"]
[PlyCount "115"]
[EventDate "2022.??.??"]

1. d4 Nf6 2. Nc3 d5 3. Bf4 c5 4. e3 a6 5. Bxb8 Rxb8 6. dxc5 e5 7. Nf3 Bxc5 8.
Nxe5 O-O 9. Nd3 d4 10. Nxc5 dxc3 11. Qxd8 Rxd8 12. bxc3 Bf5 13. Bd3 Rd5 14.
Bxf5 Rxf5 15. Nd3 Rc8 16. f3 Ra5 17. e4 Rxc3 18. Kd2 Rca3 19. Rhb1 b5 20. c4
Nd7 21. c5 R5a4 22. c6 Nb6 23. Nb4 Kf8 24. c7 Ke8 25. Nd5 Nc4+ 26. Ke1 Kd7 27.
Rd1 Kc8 28. Rac1 Ra5 29. Nb6+ Kxc7 30. Nxc4 bxc4 31. Rxc4+ Kb6 32. Rb1+ Rb5 33.
Rxb5+ axb5 34. Rc2 b4 35. f4 b3 36. axb3 Rxb3 37. Ke2 Kb7 38. e5 Ra3 39. Rd2
Kc7 40. Rd3 Ra4 41. Kf3 Ra2 42. h4 h5 43. g4 hxg4+ 44. Kxg4 Ra1 45. Kf5 Rf1 46.
h5 Rh1 47. Kg4 Kc8 48. f5 Re1 49. f6 gxf6 50. exf6 Rg1+ 51. Rg3 Rh1 52. Rh3
Rg1+ 53. Kf5 Rf1+ 54. Ke5 Kd7 55. h6 Re1+ 56. Kf5 Rf1+ 57. Kg5 Rg1+ 58. Kh5 1-0

[Event "LLHH 2122 Hamburger SK IV - SV Diagonal"]
[Site "?"]
[Date "2022.06.19"]
[Round "5.3"]
[White "Guindy, Esmat Susanne"]
[Black "Meier, David Geffrey"]
[Result "0-1"]
[WhiteElo "2097"]
[BlackElo "2081"]
[PlyCount "112"]
[EventDate "2022.??.??"]

1. c4 e6 2. d4 d5 3. g3 c6 4. Bg2 Nf6 5. Nf3 Nbd7 6. b3 Bb4+ 7. Bd2 Bd6 8. Nc3
O-O 9. O-O b6 10. Re1 Bb7 11. Qc2 Re8 12. e4 dxe4 13. Nxe4 Nxe4 14. Rxe4 c5 15.
Rh4 Nf8 16. dxc5 Bxc5 17. Rd1 Qc7 18. Ng5 f5 19. Re1 Bxg2 20. Kxg2 Rad8 21. Nf3
Qb7 22. Qc3 Ng6 23. Kg1 Nxh4 24. Nxh4 Bd4 25. Qc2 Bf6 26. Ng2 Qd7 27. Be3 Qd3
28. Qc1 Qc3 29. Nf4 Qxc1 30. Rxc1 Bd4 31. Re1 Bxe3 32. Rxe3 Rd2 33. a4 Kf7 34.
h4 g6 35. Re5 Rb2 36. Rb5 Rd8 37. a5 Rdd2 38. Nh3 h6 39. axb6 axb6 40. Rxb6 e5
41. Rb7+ Ke6 42. Rb6+ Rd6 43. Rb8 Kd7 44. Rb7+ Kc6 45. Re7 e4 46. Re5 Rxb3 47.
Nf4 Rc3 48. h5 g5 49. Ng6 Rd1+ 50. Kg2 Rd2 51. Rxf5 e3 52. Ne5+ Kd6 53. Ng4 e2
54. Re5 Rxc4 55. Ne3 Rcd4 56. Re8 Kd7 0-1

[Event "LLHH 2122 Hamburger SK IV - SV Diagonal"]
[Site "?"]
[Date "2022.06.19"]
[Round "5.4"]
[White "Posske, Thore"]
[Black "Wasmuth, Matthias"]
[Result "1/2-1/2"]
[WhiteElo "2013"]
[BlackElo "2161"]
[PlyCount "35"]
[EventDate "2022.??.??"]

1. d4 Nf6 2. Nf3 c5 3. d5 b5 4. c3 d6 5. e4 Nxe4 6. Bxb5+ Bd7 7. Bd3 Nf6 8. Bg5
g6 9. Bxf6 exf6 10. O-O Be7 11. Na3 O-O 12. h3 Bc8 13. Nd2 f5 14. Re1 Bf6 15.
Ndc4 Ba6 16. Qa4 Qd7 17. Qxd7 Nxd7 18. Rad1 1/2-1/2

[Event "LLHH 2122 Hamburger SK IV - SV Diagonal"]
[Site "?"]
[Date "2022.06.19"]
[Round "5.5"]
[White "Becker, Martin"]
[Black "Kirsch, Sergius"]
[Result "1/2-1/2"]
[WhiteElo "1892"]
[BlackElo "2015"]
[PlyCount "45"]
[EventDate "2022.??.??"]

1. e4 c5 2. Nf3 Nc6 3. d4 cxd4 4. Nxd4 Nf6 5. Nc3 e5 6. Ndb5 d6 7. Bg5 a6 8.
Na3 b5 9. Bxf6 gxf6 10. Nd5 f5 11. Qd3 Bg7 12. exf5 O-O 13. f6 Bxf6 14. Nxf6+
Qxf6 15. c3 Bf5 16. Qf3 e4 17. Qf4 Qe6 18. Nc2 Bg6 19. Be2 f5 20. h4 Kh8 21.
Rh3 Qf6 22. Rd1 Rad8 23. Nd4 1/2-1/2

[Event "LLHH 2122 Hamburger SK IV - SV Diagonal"]
[Site "?"]
[Date "2022.06.19"]
[Round "5.6"]
[White "Atri, Jamshid"]
[Black "Syed, Tareq"]
[Result "1/2-1/2"]
[WhiteElo "1986"]
[BlackElo "1993"]
[PlyCount "45"]
[EventDate "2022.??.??"]

1. e4 d6 2. d4 Nf6 3. Nc3 e5 4. Nf3 Nbd7 5. Bc4 Be7 6. Ng5 O-O 7. Bxf7+ Rxf7 8.
Ne6 Qe8 9. Nxc7 Qd8 10. Nxa8 b6 11. dxe5 dxe5 12. Be3 Bb7 13. Nxb6 axb6 14. f3
Qc8 15. O-O Bc5 16. Re1 g5 17. Kh1 Rg7 18. Bxc5 Qxc5 19. Qd2 g4 20. Rad1 Rg6
21. Qe3 Qe7 22. b3 Qe6 23. Rd2 1/2-1/2

[Event "LLHH 2122 Hamburger SK IV - SV Diagonal"]
[Site "?"]
[Date "2022.06.19"]
[Round "5.7"]
[White "Haschimi, Haschem"]
[Black "Salenko, Vadim"]
[Result "1-0"]
[WhiteElo "1856"]
[BlackElo "2010"]
[PlyCount "109"]
[EventDate "2022.??.??"]

1. e4 e6 2. d4 d5 3. e5 c5 4. Bb5+ Bd7 5. Bxd7+ Nxd7 6. c3 Ne7 7. Nf3 Nc6 8.
O-O Be7 9. Re1 b5 10. a3 a5 11. Be3 c4 12. Nbd2 Nb6 13. Qc2 h6 14. Reb1 O-O 15.
Ne1 f5 16. f4 Qc7 17. Ndf3 Rfb8 18. Qf2 b4 19. a4 b3 20. Nh4 Kf7 21. g4 g6 22.
gxf5 gxf5 23. Qf3 Rg8+ 24. Kh1 Rg4 25. Nhg2 Rag8 26. Bf2 Ke8 27. h3 R4g7 28.
Qh5+ Kd7 29. Ne3 Qd8 30. N1g2 Qe8 31. Qf3 Bd8 32. Rg1 Kc7 33. Qe2 Kb7 34. Kh2
Nb8 35. Ra3 Be7 36. Raa1 Qc6 37. Bh4 Bxh4 38. Nxh4 Nxa4 39. Rxg7+ Rxg7 40. Re1
Rf7 41. Qh5 Qd7 42. Nexf5 Rxf5 43. Nxf5 exf5 44. e6 Qe7 45. Qxf5 Nxb2 46. Qxd5+
Nc6 47. Qb5+ Kc7 48. d5 Nd8 49. Qxa5+ Kc8 50. Qa6+ Nb7 51. Qc6+ Kd8 52. Ra1 Qd6
53. Ra8+ Ke7 54. Qxb7+ Kf6 55. Qf7# 1-0

[Event "LLHH 2122 Hamburger SK V - FC St. Pauli"]
[Site "?"]
[Date "2022.06.19"]
[Round "5.2"]
[White "Gerigk, Wolf"]
[Black "Breyther, Ruediger"]
[Result "0-1"]
[WhiteElo "1997"]
[BlackElo "2255"]
[PlyCount "58"]
[EventDate "2022.??.??"]

1. b4 d5 2. Bb2 Nf6 3. e3 Bf5 4. Nf3 e6 5. b5 h6 6. c4 Nbd7 7. Nc3 Be7 8. d4
O-O 9. Be2 Re8 10. O-O Bf8 11. Qb3 c6 12. a4 Ne4 13. Rfd1 Rc8 14. h3 Nxc3 15.
Bxc3 cxb5 16. cxb5 Bd6 17. Rac1 Qe7 18. a5 Nf6 19. Nd2 b6 20. axb6 axb6 21. Bb2
Bb8 22. Ba3 Qd7 23. g4 Bg6 24. Nf3 Rxc1 25. Rxc1 Rc8 26. Qd1 Ne4 27. Bd3 Rxc1
28. Qxc1 Ng5 29. Bxg6 Nxf3+ 0-1

[Event "LLHH 2122 Hamburger SK V - FC St. Pauli"]
[Site "?"]
[Date "2022.06.19"]
[Round "5.4"]
[White "Nugel, Karl-Heinz"]
[Black "zur Lage, Julian"]
[Result "1/2-1/2"]
[WhiteElo "2002"]
[BlackElo "2145"]
[PlyCount "35"]
[EventDate "2022.??.??"]

1. c4 c6 2. g3 d5 3. Bg2 Nf6 4. Nf3 Nbd7 5. cxd5 cxd5 6. d4 e6 7. O-O Bd6 8.
Nc3 O-O 9. Bf4 Nb6 10. Nd2 Bxf4 11. gxf4 Qd6 12. e3 Bd7 13. Qb3 Rfc8 14. Rfc1
Rc7 15. a4 a5 16. Nb5 Bxb5 17. Qxb5 Nfd7 18. Bf1 1/2-1/2

[Event "LLHH 2122 Hamburger SK V - FC St. Pauli"]
[Site "?"]
[Date "2022.06.19"]
[Round "5.5"]
[White "Priebe, Jan"]
[Black "Emami, Madjid"]
[Result "1-0"]
[WhiteElo "2193"]
[BlackElo "1951"]
[PlyCount "59"]
[EventDate "2022.??.??"]

1. e4 g6 2. d4 Bg7 3. c3 d6 4. Bc4 Nf6 5. Qe2 O-O 6. Nf3 Bg4 7. Nbd2 e5 8. dxe5
dxe5 9. h3 Bxf3 10. Nxf3 Nc6 11. O-O Qe7 12. b4 Nh5 13. g3 Nd8 14. a4 Ne6 15.
Qe3 b6 16. a5 Kh8 17. Ba3 f5 18. exf5 gxf5 19. b5 Nc5 20. Qg5 Qe8 21. Rfe1 Ne4
22. Rxe4 fxe4 23. Bxf8 exf3 24. Bxg7+ Nxg7 25. axb6 axb6 26. Rxa8 Qxa8 27. Qxe5
Qa1+ 28. Kh2 Qb2 29. Qd4 h5 30. Qd8+ 1-0

[Event "LLHH 2122 Hamburger SK V - FC St. Pauli"]
[Site "?"]
[Date "2022.06.19"]
[Round "5.6"]
[White "Kleiner, Michael"]
[Black "Richter, Maik"]
[Result "0-1"]
[WhiteElo "2071"]
[BlackElo "2145"]
[PlyCount "112"]
[EventDate "2022.??.??"]

1. e4 c6 2. d4 d5 3. exd5 cxd5 4. Nf3 Nf6 5. Bd3 Bg4 6. h3 Bxf3 7. Qxf3 Qb6 8.
c3 e6 9. O-O Bd6 10. Nd2 O-O 11. Re1 Nbd7 12. Nf1 Rfe8 13. Rb1 Qa5 14. a3 Qc7
15. Bg5 Rab8 16. Bh4 h6 17. Bg3 a6 18. Bxd6 Qxd6 19. Ng3 b5 20. Nh5 Nxh5 21.
Qxh5 Rec8 22. Re3 Nf6 23. Qh4 Kf8 24. Rbe1 a5 25. f4 b4 26. axb4 axb4 27. f5
exf5 28. Bxf5 Re8 29. Re5 bxc3 30. bxc3 Qa3 31. Rxe8+ Rxe8 32. Rxe8+ Kxe8 33.
Qe1+ Kd8 34. Bd3 Qb2 35. Kf1 Kd7 36. Bf5+ Kd8 37. Qe3 Qa2 38. Qc1 Ne8 39. Qb1
Qa6+ 40. Bd3 Qc6 41. Qb8+ Qc8 42. Qb4 Qc7 43. Ke2 Qg3 44. Qb6+ Nc7 45. c4 Qxg2+
46. Kd1 Qxh3 47. Kd2 Qe6 48. Qb8+ Qc8 49. Qb4 Qd7 50. Qb8+ Ke7 51. c5 Ne6 52.
Qb4 Qc7 53. c6+ Kf6 54. Be2 Qf4+ 55. Kc3 Qe3+ 56. Bd3 h5 0-1

[Event "LLHH 2122 Hamburger SK V - FC St. Pauli"]
[Site "?"]
[Date "2022.06.19"]
[Round "5.7"]
[White "Reuber, Artur"]
[Black "Avdic, Faris"]
[Result "1-0"]
[WhiteElo "2148"]
[BlackElo "1891"]
[PlyCount "61"]
[EventDate "2022.??.??"]

1. c4 c5 2. g3 Nc6 3. Bg2 Nf6 4. Nc3 g6 5. Nf3 Bg7 6. d4 cxd4 7. Nxd4 O-O 8.
O-O Ng4 9. e3 d6 10. h3 Nxd4 11. exd4 Nh6 12. g4 Rb8 13. Bg5 Kh8 14. Qd2 Ng8
15. Rfd1 f5 16. f3 Be6 17. d5 Bd7 18. Be3 Rc8 19. Bf1 a6 20. b4 fxg4 21. fxg4
e5 22. Ne4 Qh4 23. Bg5 Rxf1+ 24. Kg2 Rxd1 25. Qxd1 Rxc4 26. Nxd6 Nf6 27. Bxh4
Rd4 28. Bxf6 Bxf6 29. Qf3 Bg7 30. Qf7 Ba4 31. Rc1 1-0

[Event "LLHH 2122 Hamburger SK V - FC St. Pauli"]
[Site "?"]
[Date "2022.06.19"]
[Round "5.8"]
[White "Younus, Khaled"]
[Black "Schuetze, Michael"]
[Result "0-1"]
[WhiteElo "1816"]
[BlackElo "2185"]
[PlyCount "70"]
[EventDate "2022.??.??"]

1. e4 c6 2. d4 d5 3. exd5 cxd5 4. Bd3 Nc6 5. c3 Nf6 6. Ne2 g6 7. Bf4 Bg7 8. Nd2
Bf5 9. Bxf5 gxf5 10. f3 e6 11. Qb3 Qd7 12. g4 fxg4 13. fxg4 Nxg4 14. Rg1 f5 15.
h3 Nf6 16. Nf3 Ne4 17. Nc1 O-O-O 18. Nd3 Rhg8 19. O-O-O b6 20. Kb1 Bf6 21. Rxg8
Rxg8 22. c4 dxc4 23. Qxc4 Kb7 24. Nfe5 Bxe5 25. dxe5 Qe7 26. b4 Rc8 27. Rc1 Qd7
28. Rd1 Nd4 29. Nc5+ bxc5 30. Rd3 Qd5 31. Qxd5+ exd5 32. bxc5 Ne6 33. Bc1 Rxc5
34. Rf3 Rb5+ 35. Rb3 Rxb3+ 0-1